Pokemon Movesets Generation 1 - Statistics

General Stats
  • This quiz has been taken 25 times
  • The average score is 33 of 62
Answer Stats
Pokemon Level Move Type Power Accuracy PP % Correct
Porygon 1 Tackle Normal 35 95% 35
94%
Squirtle 1 Tackle Normal 35 95% 35
94%
Magnemite 1 Tackle Normal 35 95% 35
94%
Squirtle 15 Water Gun Water 40 100% 25
89%
Magnemite 25 Thundershock Electric 40 100% 30
78%
Diglett 19 Dig Ground 100 100% 10
72%
Diglett 40 Earthquake Ground 100 100% 10
72%
Kangaskhan 41 Leer Normal - 100% 30
72%
Farfetch'd 7 Leer Normal - 100% 30
72%
Diglett 1 Scratch Normal 40 100% 35
72%
Squirtle 8 Bubble Water 20 100% 30
67%
Squirtle 42 Hydro Pump Water 120 80% 5
67%
Gastly 1 Lick Ghost 20 100% 30
67%
Farfetch'd 1 Peck Flying 35 100% 35
67%
Grimer 37 Sludge Poison 65 100% 20
67%
Squirtle 22 Bite Normal 60 100% 25
61%
Kangaskhan 26 Bite Normal 60 100% 25
61%
Diglett 15 Growl Normal - 100% 40
61%
Grimer 30 Poison Gas Poison - 55% 40
61%
Porygon 23 Psybeam Psychic 65 100% 20
61%
Magnemite 35 Thunder Wave Electric - 100% 20
61%
Squirtle 28 Withdraw Water - -% 40
61%
Gastly 27 Hypnosis Psychic - 60% 20
56%
Hitmonlee 53 Mega Kick Normal 120 75% 5
56%
Grimer 1 Pound Normal 40 100% 35
56%
Squirtle 1 Tail Whip Normal - 100% 30
56%
Kangaskhan 31 Tail Whip Normal - 100% 30
56%
Porygon 42 Tri Attack Normal 80 100% 10
56%
Kangaskhan 1 Comet Punch Normal 18 85% 15
50%
Gastly 1 Confuse Ray Ghost - 100% 10
50%
Porygon 1 Conversion Normal - -% 30
50%
Hitmonlee 38 Jump Kick Fighting 70 95% 25
50%
Squirtle 35 Skull Bash Normal 100 100% 15
50%
Hitmonlee 1 Double Kick Fighting 30 100% 30
44%
Gastly 35 Dream Eater Psychic 100 100% 15
44%
Grimer 42 Harden Normal - -% 30
44%
Hitmonlee 48 Hi Jump Kick Fighting 85 90% 20
44%
Porygon 1 Sharpen Normal - -% 30
44%
Diglett 31 Slash Normal 70 100% 20
44%
Farfetch'd 39 Slash Normal 70 100% 20
44%
Magnemite 21 Sonicboom Normal - 90% 20
44%
Magnemite 41 Swift Normal 60 -% 20
44%
Grimer 55 Acid Armor Poison - -% 40
39%
Porygon 35 Agility Psychic - -% 30
39%
Farfetch'd 31 Agility Psychic - -% 30
39%
Farfetch'd 15 Fury Attack Normal 15 85% 20
39%
Hitmonlee 1 Meditate Psychic - -% 40
39%
Grimer 33 Minimize Normal - -% 20
39%
Gastly 1 Night Shade Ghost - 100% 15
39%
Diglett 24 Sand-Attack Normal - 100% 15
39%
Farfetch'd 1 Sand-Attack Normal - 100% 15
39%
Magnemite 47 Screech Normal - 85% 40
39%
Grimer 48 Screech Normal - 85% 40
39%
Magnemite 29 Supersonic Normal - 55% 20
39%
Kangaskhan 46 Dizzy Punch Normal 70 100% 10
33%
Kangaskhan 1 Rage Normal 20 100% 20
33%
Hitmonlee 33 Rolling Kick Fighting 60 85% 15
33%
Grimer 1 Disable Normal - 55% 20
28%
Hitmonlee 43 Focus Energy Normal - -% 30
28%
Kangaskhan 36 Mega Punch Normal 80 85% 20
28%
Porygon 28 Recover Normal - -% 20
28%
Farfetch'd 23 Swords Dance Normal - -% 30
22%
No matching quizzes found
Score Distribution
Percent of People with Each Score
Percentile by Number Answered
Your Score History
You have not taken this quiz